[Event "Asnieres sur Seine Trophy"]
[Site "Asnieres sur Seine"]
[Date "2021.09.11"]
[Round "2"]
[White "Tregubov, Pavel V"]
[Black "Daurelle, Herve"]
[Result "1-0"]
[WhiteElo "2546"]
[BlackElo "2173"]
[PlyCount "45"]
[EventDate "2021.09.11"]
[EventType "swiss (rapid)"]
[EventRounds "11"]
[EventCountry "FRA"]
[SourceTitle "CBM 204 Extra"]
[Source "ChessBase"]
[SourceDate "2021.11.30"]
[SourceVersion "1"]
[SourceVersionDate "2021.11.30"]
[SourceQuality "1"]

1. e4 e5 2. Nf3 Nc6 3. Bb5 a6 4. Ba4 Nf6 5. d4 exd4 6. 0-0 Nxe4 7. Re1 d5 8. Nxd4 Bd6 9. Nxc6 Bxh2+ 10. Kf1 Qh4 11. Nb4+ b5 12. Qf3 0-0 13. Nxd5 Nxf2 14. Bf4 Ng4 15. Bb3 Bxf4 16. Qxf4 Qh1+ 17. Ke2 Qxg2+ 18. Kd1 Bb7 19. Nbc3 Rad8 20. Kc1 c5 21. Ne7+ Kh8 22. Bd5 b4 23. Bxg2 1-0

[Event "Titled Tuesday intern op 27th Apr"]
[Site "Chess.com INT"]
[Date "2021.04.27"]
[Round "9"]
[White "Cella, Glaucio Dalla Cortt"]
[Black "Daurelle, Herve"]
[Result "0-1"]
[WhiteElo "1961"]
[BlackElo "2183"]
[PlyCount "160"]
[EventDate "2021.04.27"]
[EventType "swiss (blitz)"]
[EventRounds "11"]
[EventCountry "USA"]
[SourceTitle "CBM 202 Extra"]
[Source "ChessBase"]
[SourceDate "2021.07.31"]
[SourceVersion "1"]
[SourceVersionDate "2021.07.31"]
[SourceQuality "1"]

1. e4 c5 2. Nf3 d6 3. c3 g6 4. d4 cxd4 5. cxd4 Bg7 6. Nc3 Nf6 7. Bc4 0-0 8. 0-0 Nxe4 9. Nxe4 d5 10. Bd3 dxe4 11. Bxe4 Nc6 12. Bxc6 bxc6 13. Be3 Bg4 14. Rc1 Qd5 15. b3 Bxf3 16. Qxf3 Qxf3 17. gxf3 Rfc8 18. Rc4 a5 19. Rfc1 a4 20. Rxc6 Rxc6 21. Rxc6 axb3 22. axb3 h5 23. Rb6 Ra1+ 24. Kg2 Rd1 25. Rb8+ Kh7 26. Rb7 Bf6 27. b4 Kg7 28. b5 Rb1 29. d5 g5 30. b6 g4 31. fxg4 hxg4 32. Rd7 Kf8 33. b7 Ke8 34. Rc7 Be5 35. Rc8+ Kd7 36. Rf8 f6 37. Bd4 Rxb7 38. Bxe5 fxe5 39. Kg3 Rb4 40. Rg8 Kd6 41. Rxg4 Rb3+ 42. Kg2 Kxd5 43. h4 e4 44. h5 Rb2 45. h6 e3 46. Rf4 e2 47. Rf5+ Ke6 48. h7 Rb8 49. Rf3 e1Q 50. Re3+ Qxe3 51. fxe3 Rh8 52. Kf3 Rxh7 53. Ke4 Rh3 54. Kd4 Rxe3 55. Kxe3 Ke5 56. Kf3 Kf5 57. Ke3 Ke5 58. Kf3 Kd4 59. Ke2 Ke4 60. Kf2 Kd3 61. Ke1 Ke3 62. Kf1 Kd2 63. Kf2 e5 64. Kf3 Kd3 65. Kf2 e4 66. Kf1 Kd2 67. Kf2 e3+ 68. Kf1 e2+ 69. Kg2 e1Q 70. Kf3 Qe5 71. Kg4 Kd3 72. Kf3 Kd2 73. Kg2 Qf4 74. Kg1 Qe3+ 75. Kg2 Ke2 76. Kh2 Qf3 77. Kg1 Qg3+ 78. Kh1 Qg5 79. Kh2 Kf3 80. Kh3 Qg3# 0-1

[Event "Cappelle Online Rapid op"]
[Site "Europe Echecs INT"]
[Date "2021.03.06"]
[Round "5"]
[White "Dauletova, Gulmira"]
[Black "Daurelle, Herve"]
[Result "1-0"]
[WhiteElo "2285"]
[BlackElo "2183"]
[PlyCount "85"]
[EventDate "2021.03.06"]
[EventType "swiss (rapid)"]
[EventRounds "9"]
[EventCountry "FRA"]
[SourceTitle "CBM 201 Extra"]
[Source "ChessBase"]
[SourceDate "2021.05.31"]
[SourceVersion "1"]
[SourceVersionDate "2021.05.31"]
[SourceQuality "1"]

1. e4 c5 2. Nf3 d6 3. d4 cxd4 4. Qxd4 a6 5. c4 Nc6 6. Qe3 g6 7. Be2 Bg7 8. 0-0 Bg4 9. Nc3 Bxf3 10. Bxf3 Bd4 11. Qd3 Nf6 12. Bh6 Nd7 13. Qd2 Nde5 14. Be2 e6 15. Kh1 Qh4 16. Bg5 Bxc3 17. bxc3 Qxe4 18. f3 Nxc4 19. Bxc4 Qxc4 20. Qxd6 Qd5 21. Qg3 0-0 22. Qh4 f6 23. Bxf6 Qf5 24. Bg5 Ne5 25. Rad1 Rac8 26. Bh6 Rfe8 27. Qd4 Rc4 28. Qe3 Rh4 29. Bg5 Rh5 30. Bf4 Nc4 31. Qc1 Rh4 32. g3 Rh3 33. g4 Qc5 34. Kg2 Rh4 35. Bg5 h6 36. Bxh4 Ne3+ 37. Kh1 Nxf1 38. Rxf1 Rf8 39. Qxh6 Rf7 40. Qxg6+ Rg7 41. Qxe6+ Kh7 42. Qf5+ Kg8 43. Qxc5 1-0

[Event "Cappelle Online Rapid op"]
[Site "Europe Echecs INT"]
[Date "2021.03.06"]
[Round "1"]
[White "Hsu, Victor"]
[Black "Daurelle, Herve"]
[Result "0-1"]
[WhiteElo "1476"]
[BlackElo "2183"]
[PlyCount "34"]
[EventDate "2021.03.06"]
[EventType "swiss (rapid)"]
[EventRounds "9"]
[EventCountry "FRA"]
[SourceTitle "CBM 201 Extra"]
[Source "ChessBase"]
[SourceDate "2021.05.31"]
[SourceVersion "1"]
[SourceVersionDate "2021.05.31"]
[SourceQuality "1"]

1. d4 Nf6 2. Nf3 c5 3. Bf4 cxd4 4. Nxd4 e5 5. Bxe5 Qa5+ 6. Nc3 Qxe5 7. Nf3 Qa5 8. e3 Bb4 9. Qd3 0-0 10. Kd1 d5 11. Ng1 Nc6 12. Nge2 Bg4 13. f3 Bh5 14. Nf4 Bg6 15. Nxg6 hxg6 16. Be2 d4 17. exd4 Rad8 0-1

[Event "Titled Tuesday intern op 26th May"]
[Site "Chess.com INT"]
[Date "2020.05.26"]
[Round "7"]
[White "Daurelle, Herve"]
[Black "Maly, Alexey"]
[Result "0-1"]
[WhiteElo "2205"]
[BlackElo "2371"]
[PlyCount "142"]
[EventDate "2020.05.26"]
[EventType "swiss (blitz)"]
[EventRounds "10"]
[EventCountry "USA"]
[SourceTitle "CBM 196 Extra"]
[Source "ChessBase"]
[SourceDate "2020.07.31"]
[SourceVersion "1"]
[SourceVersionDate "2020.07.31"]
[SourceQuality "1"]

1. e4 c6 2. c4 d5 3. exd5 cxd5 4. cxd5 Nf6 5. Nc3 Nxd5 6. Nf3 Nc6 7. d4 g6 8. Qb3 Nxc3 9. Bc4 e6 10. bxc3 Bg7 11. 0-0 0-0 12. Bg5 Qc7 13. Bd3 b6 14. Nd2 Bb7 15. Ne4 Rac8 16. Nf6+ Kh8 17. g3 h6 18. Bf4 Qe7 19. Ng4 Kh7 20. Rfe1 Na5 21. Qb2 Nc4 22. Bxc4 Rxc4 23. Be5 f6 24. Bf4 Rfc8 25. Bd2 Ba8 26. Ne3 Qb7 27. Kf1 Qh1+ 28. Ke2 Qf3+ 29. Kf1 R4c7 30. Qb1 Qh1+ 31. Ke2 Bf3+ 32. Kd3 Be4+ 33. Ke2 Qf3+ 34. Kf1 Bxb1 35. Raxb1 Qh1+ 36. Ke2 Qxh2 37. Rh1 Qxh1 38. Rxh1 f5 39. f4 Bf6 40. Nd1 Kg7 41. Nf2 g5 42. Nd3 g4 43. Ne5 Bxe5 44. fxe5 Rh8 45. Ke3 h5 46. Rh4 Kg6 47. Kf4 Rhc8 48. Ke3 b5 49. a3 a5 50. Rh1 Rxc3+ 51. Bxc3 Rxc3+ 52. Kd2 Rxg3 53. Re1 Rxa3 54. d5 Kf7 55. d6 Ke8 56. Rc1 g3 57. Rc8+ Kd7 58. Rc7+ Kd8 59. Rg7 h4 60. Rg8+ Kd7 61. Rg7+ Kc6 62. Rc7+ Kb6 63. Rc8 Ra4 64. Kc3 Rc4+ 65. Rxc4 bxc4 66. d7 Kc7 67. Kxc4 Kxd7 68. Kb5 g2 69. Kxa5 g1Q 70. Kb5 Qe3 71. Kc4 Qxe5 0-1

[Event "Titled Tuesday intern op 26th May"]
[Site "Chess.com INT"]
[Date "2020.05.26"]
[Round "8"]
[White "Idrisov, Ildar F"]
[Black "Daurelle, Herve"]
[Result "1-0"]
[WhiteElo "2282"]
[BlackElo "2205"]
[PlyCount "69"]
[EventDate "2020.05.26"]
[EventType "swiss (blitz)"]
[EventRounds "10"]
[EventCountry "USA"]
[SourceTitle "CBM 196 Extra"]
[Source "ChessBase"]
[SourceDate "2020.07.31"]
[SourceVersion "1"]
[SourceVersionDate "2020.07.31"]
[SourceQuality "1"]

1. Nf3 Nf6 2. b3 d6 3. d4 Bg4 4. Bb2 Nbd7 5. e3 e5 6. Be2 e4 7. Nfd2 h5 8. c4 g5 9. Nc3 Bh6 10. Ndxe4 Bxe2 11. Qxe2 Qe7 12. Nxf6+ Nxf6 13. 0-0-0 g4 14. Kb1 a5 15. Rhe1 a4 16. Nxa4 0-0 17. e4 Nd7 18. Nc3 b5 19. Nd5 Qd8 20. cxb5 c6 21. bxc6 Qa5 22. Bc3 Qa3 23. cxd7 Rfb8 24. Qb2 Qa7 25. f3 Kf8 26. fxg4 hxg4 27. Rf1 Qxd7 28. Rf5 Qe6 29. Qc2 Rb7 30. Rf6 Rxa2 31. Kxa2 Ra7+ 32. Kb2 Qc8 33. Ra1 Qa6 34. Rxa6 Rxa6 35. Rxh6 1-0

[Event "Titled Tuesday intern op 12th May"]
[Site "Chess.com INT"]
[Date "2020.05.12"]
[Round "4"]
[White "Daurelle, Herve"]
[Black "Sharapov, Evgeny"]
[Result "0-1"]
[WhiteElo "2205"]
[BlackElo "2380"]
[PlyCount "64"]
[EventDate "2020.05.12"]
[EventType "swiss (blitz)"]
[EventRounds "10"]
[EventCountry "USA"]
[SourceTitle "EXT 2021"]
[Source "ChessBase"]
[SourceDate "2020.10.23"]
[SourceVersion "1"]
[SourceVersionDate "2020.10.23"]
[SourceQuality "1"]

1. e4 c5 2. Nf3 d6 3. d4 cxd4 4. Nxd4 Nf6 5. Nc3 Nc6 6. Bg5 Qb6 7. Nb3 e6 8. Qd2 Be7 9. 0-0-0 0-0 10. f4 Rd8 11. h4 a5 12. a4 Nb4 13. h5 Bd7 14. h6 g6 15. f5 exf5 16. Bc4 Rac8 17. Bxf6 Bxf6 18. Nd5 Nxd5 19. Bxd5 Bxa4 20. exf5 Bxb3 21. Bxb3 Qxb3 22. c3 Bxc3 23. bxc3 Rxc3+ 24. Qxc3 Qxc3+ 25. Kb1 Qb3+ 26. Ka1 gxf5 27. Rhe1 Kf8 28. Rd2 Re8 29. Rc1 Qa3+ 30. Kb1 Re4 31. Rc8+ Ke7 32. Rc7+ Ke6 0-1

[Event "Titled Tuesday intern op 12th May"]
[Site "Chess.com INT"]
[Date "2020.05.12"]
[Round "1"]
[White "Reimanis, Ritvars"]
[Black "Daurelle, Herve"]
[Result "1-0"]
[WhiteElo "2421"]
[BlackElo "2205"]
[PlyCount "73"]
[EventDate "2020.05.12"]
[EventType "swiss (blitz)"]
[EventRounds "10"]
[EventCountry "USA"]
[SourceTitle "EXT 2021"]
[Source "ChessBase"]
[SourceDate "2020.10.23"]
[SourceVersion "1"]
[SourceVersionDate "2020.10.23"]
[SourceQuality "1"]

1. d4 Nf6 2. c4 e6 3. Nf3 c5 4. d5 exd5 5. cxd5 d6 6. Nc3 g6 7. h3 Bg7 8. e4 0-0 9. Bd3 b5 10. Nxb5 Re8 11. 0-0 Nxe4 12. Re1 a6 13. Na3 Nf6 14. Rxe8+ Nxe8 15. Nc4 Bb7 16. Bf1 Nd7 17. Bg5 Qc7 18. Bd2 a5 19. Bc3 Bxc3 20. bxc3 Nb6 21. Nxb6 Qxb6 22. Rb1 Qc7 23. Qd2 Ng7 24. Bb5 Rb8 25. c4 Bc8 26. a4 Bf5 27. Re1 Rd8 28. g4 Bc8 29. Qg5 Rf8 30. Qe7 Qd8 31. Qxd8 Rxd8 32. Re7 h5 33. Nh2 hxg4 34. hxg4 f5 35. f3 fxg4 36. fxg4 Rf8 37. Ra7 1-0

[Event "Titled Tuesday intern op 7th April"]
[Site "Chess.com INT"]
[Date "2020.04.07"]
[Round "1"]
[White "Daurelle, Herve"]
[Black "Escobar Forero, Alder"]
[Result "0-1"]
[WhiteElo "2205"]
[BlackElo "2510"]
[PlyCount "70"]
[EventDate "2020.04.07"]
[EventType "swiss (blitz)"]
[EventRounds "10"]
[EventCountry "USA"]
[SourceTitle "EXT 2021"]
[Source "ChessBase"]
[SourceDate "2020.10.23"]
[SourceVersion "1"]
[SourceVersionDate "2020.10.23"]
[SourceQuality "1"]

1. e4 c5 2. Nf3 Nc6 3. d4 cxd4 4. Nxd4 e5 5. Nb5 a6 6. Nd6+ Bxd6 7. Qxd6 Qe7 8. Qxe7+ Ngxe7 9. b3 d5 10. exd5 Nb4 11. Bd3 Bf5 12. Bxf5 Nxf5 13. Na3 Nxd5 14. 0-0 0-0 15. Nc4 f6 16. Ba3 Rfd8 17. Rad1 Nc3 18. Rxd8+ Rxd8 19. f4 exf4 20. Rxf4 Ne2+ 21. Kf2 Nxf4 22. Kf3 Ne6 23. g4 Nfd4+ 24. Kg3 Nxc2 25. Bb2 b5 26. Nb6 Rd3+ 27. Kf2 Nb4 28. a3 Rd2+ 29. Ke3 Rxb2 30. axb4 Rxb3+ 31. Ke4 Rxb4+ 32. Kd5 Kf7 33. Kc6 Rxg4 34. Nd5 b4 35. Kb6 a5 0-1

[Event "FRA-ch Seniors"]
[Site "Chartres"]
[Date "2019.??.??"]
[Round "9"]
[White "Vareille, Francois"]
[Black "Daurelle, Herve"]
[Result "1-0"]
[WhiteElo "2421"]
[BlackElo "2196"]
[PlyCount "97"]
[EventDate "2019.08.17"]
[EventType "swiss"]
[EventRounds "9"]
[EventCountry "FRA"]
[SourceTitle "EXT 2020"]
[Source "ChessBase"]
[SourceDate "2019.10.17"]
[SourceVersion "1"]
[SourceVersionDate "2019.10.17"]
[SourceQuality "1"]

1. d4 Nf6 2. c4 e6 3. Nc3 Bb4 4. e3 0-0 5. Bd3 d5 6. Nf3 c5 7. 0-0 dxc4 8. Bxc4 cxd4 9. exd4 b6 10. Qe2 Bb7 11. Rd1 Bxc3 12. bxc3 Nbd7 13. Bd3 Rc8 14. c4 Re8 15. Bb2 Qc7 16. Re1 Qf4 17. Qe3 Qxe3 18. fxe3 Ba6 19. Rec1 Ng4 20. e4 e5 21. d5 Nc5 22. Bf1 Nxe4 23. h3 Ne3 24. Re1 Nxf1 25. Rxe4 Ng3 26. Rxe5 Bxc4 27. Rg5 Ne2+ 28. Kh2 g6 29. d6 Red8 30. Rd1 h6 31. Re5 Nf4 32. d7 Ra8 33. Rd4 Bxa2 34. Rxf4 Rxd7 35. Rh4 f6 36. Re2 Bd5 37. Rxh6 Bxf3 38. gxf3 Kg7 39. Rh4 g5 40. Rc4 Rd6 41. Kg3 a5 42. Ba3 Rd5 43. Rc6 b5 44. Be7 Rf5 45. Ree6 a4 46. Bxf6+ Kf7 47. Re7+ Kf8 48. Rh7 Ke8 49. Rd6 1-0